ՀՀ Գիտությունների ազգային ակադեմիայի հիմնարար գիտական գրադարան  =   Fundamental Scientific Library of NAS RA

Технология бактериального выщелачивания цветных и редких металлов / (Record no. 315168)

MARC details
000 -LEADER
fixed length control field 00899nam a2200217 i 4500
001 - CONTROL NUMBER
control field 000913332
003 - CONTROL NUMBER IDENTIFIER
control field AM-YeHGA
005 - DATE AND TIME OF LATEST TRANSACTION
control field 20250617145618.0
008 - FIXED-LENGTH DATA ELEMENTS--GENERAL INFORMATION
fixed length control field 020227s1982 ru r 000 0 rus d
040 ## - CATALOGING SOURCE
Original cataloging agency AM-YeHGA
041 0# - LANGUAGE CODE
Language code of text/sound track or separate title rus
090 ## - LOCALLY ASSIGNED LC-TYPE CALL NUMBER (OCLC); LOCAL CALL NUMBER (RLIN)
-- 316890
100 1# - MAIN ENTRY--PERSONAL NAME
Personal name Полькин, Степан Иванович
245 10 - TITLE STATEMENT
Title Технология бактериального выщелачивания цветных и редких металлов /
Statement of responsibility, etc. С. И. Полькин, Э. В. Адамов, В. В. Панин.
260 ## - PUBLICATION, DISTRIBUTION, ETC.
Place of publication, distribution, etc. Москва :
Name of publisher, distributor, etc. Недра,
Date of publication, distribution, etc. 1982.
300 ## - PHYSICAL DESCRIPTION
Extent 288 с. :
Other physical details ил. ;
Dimensions 22 см.
504 ## - BIBLIOGRAPHY, ETC. NOTE
Bibliography, etc. note Библиогр.: с. 282-286
653 0# - INDEX TERM--UNCONTROLLED
Uncontrolled term Руды - Выщелачивание - Микробиологический метод
700 1# - ADDED ENTRY--PERSONAL NAME
Personal name Адамов, Эдуард Владимирович
700 1# - ADDED ENTRY--PERSONAL NAME
Personal name Панин, Виктор Васильевич
Holdings
Withdrawn status Lost status Damaged status Not for loan Collection Home library Current library Date acquired Total checkouts Full call number Barcode Date last seen Price effective from Koha item type Public note
        General Fundamental Scientific Library Fundamental Scientific Library 09/01/2017   PII/496621 FL0239134 09/01/2017 09/01/2017 Գրքեր / Books 30 Days Loan


ՀՀ ԳԱԱ հիմնարար գիտական գրադարան
ՀՀ,Երևան 0019
Մարշալ Բաղրամյան 24/6
հեռախոս:(374-10) 52-47-50
Հետադարձ կապ

All site content, except where otherwise noted, is licensed under a
Creative Commons License